Návrh postupu výroby voskového modelu plochej plastiky

Na minha lista:
Detalhes bibliográficos
Autor principal: Blaško, Ivan (Author)
Outros Autores: Šuba, Roland (Thesis advisor)
Formato: Manuscrito Livro
Idioma:eslovaco
Publicado em: 2016
Assuntos:
Acesso em linha:http://is.stuba.sk/zp/portal_zp.pl?podrobnosti=105750
Tags: Adicionar Tag
Sem tags, seja o primeiro a adicionar uma tag!

MARC

LEADER 00000ntm a22000003a 4500
001 stuzp56260
003 SK-STU
005 20160719154940.0
007 ta
008 150427s2015----xo-----f-mn---000-0-slo-d
040 |a STU  |b slo 
041 0 |a slo 
100 1 |a Blaško, Ivan  |u 063000  |4 aut  |U MTF Materiálovotechnologická fakulta  |T MTF Ústav výrobných technológií  |X 71505  |U M3000  |Y 83  |7 71505 
242 0 1 |a Proposition of manufacturing process for the modelling of flat plastic  |y eng 
245 1 0 |a Návrh postupu výroby voskového modelu plochej plastiky 
260 |c 2016 
650 4 |a plochá plastika  |2 slo 
650 4 |a voskový model  |2 slo 
650 4 |a rýchle prototypovanie  |2 slo 
650 4 |a rapid prototyping  |2 eng 
650 4 |a flat plastic  |2 eng 
650 4 |a wax model  |2 eng 
700 1 |a Šuba, Roland  |u 063700  |k Z1  |4 ths  |U MTF Ústav výrobných technológií  |T MTF Katedra zvárania a zlievarenstva  |X 4305  |U M3700  |Y 842  |7 A000004305 
856 4 |u http://is.stuba.sk/zp/portal_zp.pl?podrobnosti=105750 
996 |c M* BP7628  |l MMSKP  |s P  |a 0  |w stuzp56260_0001 
SQL |a stuzp56260  |b DBP  |c SLO  |d Návrh postupu výroby voskového modelu plochej plastiky  |e 71505  |f Blaško, Ivan  |g 063000  |h 4305  |i Šuba, Roland  |j 20160621  |k 178  |l 06  |m http://is.stuba.sk/zp/portal_zp.pl?podrobnosti=105750  |n B-VTE  |o 5.2.51. výrobné technológie